| 000 | 00898cam a2200253 4500 | ||
|---|---|---|---|
| 008 | 020805n2001 000 0 eng u | ||
| 020 | _a0901297151 | ||
| 035 | _a(Sirsi) u119217 | ||
| 041 | _aeng. | ||
| 050 | _a627.702 | ||
| 110 |
_aInstitution of Structural Engineers _9441 |
||
| 245 | _aGuide to inspection of underwater structures | ||
| 260 |
_aLondon _bInstitution of Structural Engineers _c2001 |
||
| 300 |
_a51p. _c31cm. |
||
| 520 | _aProvides advice to engineers, their clients and supporting contractors on the methodology, specification and supervision of underwater inspection works. | ||
| 650 | _aUNDERWATER INSPECTIONS | ||
| 650 | _aSTRUCTURAL ENGINEERS | ||
| 650 | _aDIVING TECHNIQUES | ||
| 650 | _aDIVING AT WORK REGULATIONS 1997 | ||
| 650 | _aUNDERWATER STRUCTURES | ||
| 650 | _aCONTRACT DOCUMENTS | ||
| 690 | _aBUILDING AND CONSTRUCTION-ENGINEERING | ||
| 942 | _n0 | ||
| 999 |
_c102272 _d102272 |
||